33 - Né(es) un 2 février - Statistiques

Statistiques générales
  • Ce quiz a été pris 15 fois
    8 depuis la dernière actualisation
  • Le résultat moyen est 3 sur 16
Statistiques - réponses
Hint Année de naissance Réponse % Correct
Président de la République française de 1974 à 1981. 1926 Valéry Giscard d'Estaing|VGE
86%
Chanteuse, auteure-compositrice-interprète colombienne. Connue comme la "reine de la musique latine". Chanta "Whenever, Wherever" et "Hips Don't Lie". 1977 Shakira Isabel Mebarak Ripoll|Shakira
71%
Double champion olympique au sabre (1984 et 1988). Porte-drapeau de la délégation française en 1992. Ministre de la Jeunesse, des sports et de la vie associative de 2004 à 2007. 1956 Jean-François Lamour
43%
Danseuse et chorégraphe française, étoile du ballet de l'Opéra national de Paris de 1990 à 1998. 1963 Marie-Claude Pietragalla
43%
Homme politique et diplomate français qui traversa la Révolution et l'Empire avant de participer à remodeler l'Europe en 1815. 1754 Charles-Maurice de Talleyrand-Périgord|Talleyrand
29%
Romancier et poète irlandais. Auteur de "Portrait de l'artiste en jeune homme" (1916), "Ulysse" (1922), "Finnegans Wake" (1939). 1882 James Augustine Aloysius Joyce|James Joyce
29%
Actrice britannique. Vue dans "Quantum of Solace", "Le Choc des Titans", "Prince of Persia : Les Sables du Temps", "Tamara Drewe", "Gemma Bovery", "The King's Man : Première Mission". 1986 Gemma Arterton
14%
Épouse du maréchal d'empire Lefebvre, duc de Dantzig connue pour son franc-parler. 1835 Madame Sans-Gêne|Catherine Hubscher
14%
Chanteuse américaine. La chanson "Who Will Comfort Me?" fut classé dans le top 10 du réseau radiophonique américain Smooth Jazz. "The Absence" est le nom de son troisième album. 1985 Melody Joy Gardot
14%
Chef de file de la "campagne des Banquets". Il fit adopter par décret le suffrage universel masculin. Candidat à l'élection présidentielle française de 1848. 1807 Alexandre Auguste Ledru-Rollin|Ledru-Rollin|Ledru Rollin
0%
Fils du roi Georges Ier de Grèce et beau-père de la reine Élisabeth II du Royaume-Uni. 1882 André de Grèce
0%
245e pape de l'Église catholique de 1724 à 1730. 1649 Benoît XIII|Vincenzo Maria Orsin|Pietro Francesco Orsini de Gravina
0%
Joueur de football international espagnol. Évolua au sein du FC Barcelone de 2008 à 2022 au poste de défenseur central. 1987 Gerard Piqué Bernabéu
0%
A inspiré à Alexandre Dumas un des personnages fictifs dans le roman "Les Trois Mousquetaires" (1844). 1617 Isaac de Portau|Porthos
0%
Militaire. Compagnon de la Libération, élevé à la dignité de maréchal de France à titre posthume. Surnommé "le roi Jean". 1889 Jean de Lattre de Tassigny|de Lattre
0%
Roi de Danemark (1481-1513), de Norvège (1483-1513) et Suède (1497-1501 mais sous un autre nom). 1415 Jean Ier
0%
Aucun quiz correspondant
Distribution des résultats
% des personnes avec chaque résultat
Percentile par nombre de réponses
Votre historique - résultats
Vous n’avez pas pris ce quiz depuis la dernière actualisation